<?xml version="1.0" encoding="UTF-8"?>
<marc:record xmlns:marc="http://www.loc.gov/MARC21/slim">
   <marc:leader>00000nam a2200000 a 4500</marc:leader>
   <marc:datafield ind1=" " ind2=" " tag="653">
      <marc:subfield code="a">Tonie</marc:subfield>
   </marc:datafield>
   <marc:datafield ind1="0" ind2="0" tag="245">
      <marc:subfield code="a">Anne Kaffeekanne [Tonie]</marc:subfield>
   </marc:datafield>
   <marc:datafield ind1="0" ind2="0" tag="245">
      <marc:subfield code="b">12 Lieder zum Singen, Spielen und Tanzen</marc:subfield>
   </marc:datafield>
   <marc:datafield ind1=" " ind2="1" tag="264">
      <marc:subfield code="c">2014</marc:subfield>
   </marc:datafield>
   <marc:datafield ind1="1" ind2=" " tag="490">
      <marc:subfield code="a">Tonie</marc:subfield>
   </marc:datafield>
   <marc:datafield ind1="1" ind2=" " tag="520">
      <marc:subfield code="a">Titelliste 01 - Lied vom Wecken 02 - Vom Laufenlernen 03 - Das Katzentatzenspiel 04 - Zehn kleine Fledermäuse 05 - Schlaflied für Anne 06 - Pinguin-Lied 07 - Anne Kaffekanne 08 - Higgelty, Piggelty, Pop und Pu 09 - Leni Tanzbein 10 - Wem gibt der Elefant die Hand? 11 - Kawuras - der Krebs 12 - Lioliola-Lied</marc:subfield>
   </marc:datafield>
   <marc:datafield ind1=" " ind2=" " tag="338">
      <marc:subfield code="a">Audiodisk</marc:subfield>
   </marc:datafield>
   <marc:datafield ind1=" " ind2=" " tag="300">
      <marc:subfield code="a">ca. 40 Min. ; + 1Toniefigur, + 1 Beiheft</marc:subfield>
   </marc:datafield>
</marc:record>
